| Tag |
First Indicator |
Second Indicator |
Subfields |
| LEADER |
00000pam a2200000 a 4500 |
| 001 |
in00000092403 |
| 005 |
20151008064204.0 |
| 008 |
801009s1981 ctu b 00110 engm |
| 010 |
|
|
|a 80025478
|
| 020 |
|
|
|a 0313224919 (lib. bdg.)
|
| 035 |
|
|
|a (OCoLC)06914774
|
| 035 |
|
|
|9 AAK3699AM
|
| 040 |
|
|
|a DLC
|c DLC
|d m.c.
|d TXA
|d UtOrBLW
|
| 043 |
|
|
|a a------
|a n-us---
|
| 049 |
|
|
|a TXAM
|c [387797]
|
| 050 |
0 |
0 |
|a BL1032
|b .J3
|
| 082 |
0 |
|
|a 291
|2 19
|
| 100 |
1 |
|
|a Jackson, Carl T.,
|d 1934-
|
| 245 |
1 |
4 |
|a The oriental religions and American thought :
|b nineteenth-century explorations /
|c Carl T. Jackson.
|
| 264 |
|
1 |
|a Westport, Conn. :
|b Greenwood Press,
|c 1981.
|
| 300 |
|
|
|a xii, 302 pages ;
|c 25 cm.
|
| 336 |
|
|
|a text
|b txt
|2 rdacontent
|
| 337 |
|
|
|a unmediated
|b n
|2 rdamedia
|
| 338 |
|
|
|a volume
|b nc
|2 rdacarrier
|
| 490 |
1 |
|
|a Contributions in American studies,
|x 0084 9227 ;
|v no. 55
|
| 500 |
|
|
|a Includes index.
|
| 504 |
|
|
|a Bibliography: pages [269]-288.
|
| 650 |
|
0 |
|a Religious thought
|z United States.
|
| 651 |
|
0 |
|a Asia
|x Religion
|x Influence.
|
| 651 |
|
0 |
|a United States
|x Civilization
|x Asian influences.
|
| 830 |
|
0 |
|a Contributions in American studies ;
|v no. 55.
|
| 999 |
|
|
|a MARS
|
| 999 |
f |
f |
|s 0c9cda15-4b20-3ec8-8884-8b33a48a0312
|i ee5e463f-86fb-3552-a4ff-677ae46c3d7f
|t 0
|
| 952 |
f |
f |
|p ric
|a Texas A&M University
|b Rellis Campus
|c Joint Library Facility
|d Remote Storage
|t 0
|e BL1032 .J3
|h Library of Congress classification
|i unmediated -- volume
|m A14806089685
|
| 998 |
f |
f |
|a BL1032 .J3
|t 0
|l Remote Storage
|